| 000 | 01087nam0a22002531 4500 | ||
|---|---|---|---|
| 001 | rc\250098 | ||
| 005 | 20030307120733.7 | ||
| 035 | _a(NLR Aleph) 005509634 | ||
| 090 |
_a5392675 _c5392675 |
||
| 100 | _a20030307d1990 u |0rusy50 ca | ||
| 101 | 0 | _arus | |
| 102 | _aRU | ||
| 105 | _aa ||||||||| | ||
| 200 | 1 |
_aПрирода Забайкальского национального парка _fА.Б. Иметханов, Т.Г. Бойков, Ц.Х. Цыбжитов и др. _g[Отв. ред. А.К. Тулохонов, Ц.Ж. Доржиев] _gАН СССР. Сиб. отд-ние. Бурят. науч. центр, Геол. ин-т, Ин-т биологии |
|
| 210 |
_aУлан-Удэ _cБНЦ СО АН СССР _d1990 |
||
| 215 |
_a193 с. _cил. _d21 |
||
| 320 | _aБиблиогр.: с. 173-186 | ||
| 701 | 1 |
_aИметхенов _bА. Б. _gАнатолий Борисович |
|
| 702 | 1 |
_aТулохонов _bА. К. _gАрнольд Кириллович _4340 |
|
| 801 | 0 |
_aRU _bNLR _gpsbo |
|
| 801 | 1 |
_aRU _bELAR _2rusmarc |
|
| 852 |
_aNLR _j90-3/8407 |
||
| 942 | _cBOOK | ||
| 980 | _aNB | ||